000
00315nam a22001337a 4500
008
210303b ||||| |||| 00| 0 eng d
020
_a
9781118341735
041
_a
eng
080
_2
4th
_a
618
100
_a
10
101
_a
GJIN
245
_a
Obstetrics and Gynecology at a Glance
_c
Norwitz,R.E
942
_2
udc
_c
BK
999
_c
55587
_d
55587